Statistiche per Programmi TV condotti da Maria De Filippi

Clicka qui per fare il quiz!

Statistiche generali

  • Questo quiz è stato fatto 8 volte
  • Il punteggio medio è 13 su 28

Statistiche sulle risposte

CanaleAnno/iGenereProgramma TV% Corretto
Canale 5, Italia 11992-1996; 1996-97; 2000-2001talk showAmici
100%
Canale 52019talent show, musicale, danzaAmici Celebrities
100%
Canale 5, Italia 12001-2003; 2020-21; dal 2002talent show, musicale, danzaAmici di Maria De Filippi
100%
Canale 52020talent showAmici speciali
100%
Prime Video2021talent show, musicale, danzaAmici Specials
100%
Canale 5dal 2000realityC'è posta per te
100%
Canale 51998talk show, dating showSpeciale Uomini e donne
88%
Canale 5dal 2014talent show, commedia, varietà, game showTú sí que vales
88%
Canale 5dal 1996talk show, dating showUomini e donne
88%
Rai 12009, 2017musicaleFestival di Sanremo
75%
Canale 51993-1997talk showAmici di sera
63%
Canale 52024commemorazioneDedicato a... Maurizio Costanzo
63%
Canale 52009-2013talent show,Italia's Got Talent
50%
Canale 52005, 2015infotainment, investigativo, satiricoStriscia la notizia
38%
Canale 51997-1998varietà, contenitoreBuona domenica
25%
Canale 52005realityVero amore
25%
Rete 41993-Ai tempi miei
13%
Canale 51996talk showEva contro Eva
13%
Canale 52016varietàHouse Party
13%
Canale 51998realityMissione impossibile
13%
Canale 51998talk showAccadde domani
0%
Italia 12001realityCari amici miei
0%
Canale 51999-Colpo di scena
0%
Canale 51999talk showCoppie
0%
Canale 51999talk showCoppie - Ciao amore
0%
Canale 51999talk showCoppie - Monica Lewinsky
0%
Canale 52001televisione e webGran Premio Internazionale dello Spettacolo
0%
Canale 52006realityUnan1mous
0%

Distribuzione punteggi

Percentile per numero di risposta

Percentuale di utenti per punteggio

I tuoi punteggi nel tempo

Non hai fatto questo quiz